Southville International School and Colleges

Outer space / (Record no. 368834)

000 -LEADER
fixed length control field 00630nam a22002057a 4500
003 - CONTROL NUMBER IDENTIFIER
control field 0
005 - DATE AND TIME OF LATEST TRANSACTION
control field 20260205163226.0
008 - FIXED-LENGTH DATA ELEMENTS--GENERAL INFORMATION
fixed length control field 260205b xxu||||| |||| 00| 0 eng d
020 ## - INTERNATIONAL STANDARD BOOK NUMBER
International Standard Book Number 978-1-78370-249-7
050 ## - LIBRARY OF CONGRESS CALL NUMBER
Classification number M 520
Item number M37 2016
082 ## - DEWEY DECIMAL CLASSIFICATION NUMBER
Classification number M 520
Item number M37 2016
100 ## - MAIN ENTRY--PERSONAL NAME
Personal name Martin, Ruth
245 ## - TITLE STATEMENT
Title Outer space /
Statement of responsibility, etc Ruth Martin & Allan Sanders.
260 ## - PUBLICATION, DISTRIBUTION, ETC. (IMPRINT)
Place of publication, distribution, etc London :
Name of publisher, distributor, etc A Templar Books,
Date of publication, distribution, etc 2016.
300 ## - PHYSICAL DESCRIPTION
Extent 16 unnumbered pages :
Other physical details colored illustrations ;
Dimensions 23 cm.
650 ## - SUBJECT ADDED ENTRY--TOPICAL TERM
Topical term or geographic name as entry element Outer space
Form subdivision Exploration
General subdivision Juvenile literature.
650 ## - SUBJECT ADDED ENTRY--TOPICAL TERM
Topical term or geographic name as entry element Space flight
Form subdivision Juvenile literature.
650 ## - SUBJECT ADDED ENTRY--TOPICAL TERM
Topical term or geographic name as entry element Picture books.
942 ## - ADDED ENTRY ELEMENTS (KOHA)
Source of classification or shelving scheme
Koha item type Books
Holdings
Date acquired Sub Shelving location Current Location Permanent Location Source of acquisition Date last seen Full call number Price effective from Lost status Withdrawn status Barcode Koha item type Damaged status Source of classification or shelving scheme Shelving location
2026-02-05 Munich LibraryMunich LibraryLibrary Fund2026-02-05M 520 M37 20162026-02-05  M9402Books  Main Section
Powered by Koha